[Event "TUR-chT Clubs"]
[Site "Konya"]
[Date "2019.07.18"]
[Round "5.7"]
[White "Canakay, Kerem"]
[Black "Kargi, Mert"]
[Result "0-1"]
[WhiteElo "1353"]
[BlackElo "1729"]
[PlyCount "68"]
[EventDate "2019.07.16"]
[EventType "team-swiss"]
[EventRounds "9"]
[EventCountry "TUR"]
[SourceTitle "CBM 191 Extra"]
[Source "ChessBase"]
[SourceDate "2019.09.30"]
[SourceVersion "1"]
[SourceVersionDate "2019.09.30"]
[SourceQuality "1"]
[WhiteTeam "Kalite Dernegi"]
[BlackTeam "Artvin Il Ozel"]
[WhiteTeamCountry "TUR"]
[BlackTeamCountry "TUR"]

1. e4 c5 2. Nf3 Nc6 3. Bb5 g6 4. d4 cxd4 5. Nxd4 Bg7 6. Nf3 Qa5+ 7. Nc3 Bxc3+ 8. bxc3 Qxb5 9. Nd4 Qc4 10. Bb2 e5 11. Nxc6 Qxe4+ 12. Qe2 Qxe2+ 13. Kxe2 bxc6 14. Rhe1 Ba6+ 15. Kd2 d6 16. Ba3 0-0-0 17. Rab1 f5 18. Rb2 Nf6 19. f3 Kc7 20. Rbb1 e4 21. Bb4 Rb8 22. Rbd1 c5 23. Ba3 Rhe8 24. Rg1 e3+ 25. Kc1 e2 26. Rde1 Nd5 27. Bb2 Bc4 28. a3 Ne3 29. a4 Nd1 30. Ba1 Kb6 31. g4 f4 32. Rg2 Ka5 33. h4 h6 34. h5 g5 0-1